000 00375nam a2200145Ia 4500
008 230711s9999||||xx |||||||||||||| ||und||
041 _aENG
082 _a621
_bAN-N
100 _aAnita,H.M
245 0 _aNumerical methods for scientists and enginers
250 _a1st
260 _c1991
_aNew Delhi
_bTata McGraw Hill Education Limited
650 _aMathematics
942 _cBK
999 _c2558
_d2558